000 00654nam a2200241Ia 4500
003 OSt
005 20221005051059.0
006 a|||||r|||| 00| 0
007 ta
008 221004b |||||||| |||| 00| 0 eng d
024 _a77352
037 _cTextual
040 _aCRL
_cCRL
_beng
041 _2eng
_aeng
082 _aV58,2y7M94, J9
100 _aHastie Roy MacGregor
_9595632
245 0 _aLife and times of Nikita Kruschev
260 _aLondon
_bA Panther Book Great Britain
_c1959
300 _a158p.
_ccm.
650 _aHISTORY
942 _hV58,2y7M94, J9
_cTEXL
_2cc
999 _c958240
_d958240